[Event "Petrovskaya Ladya A1"]
[Site "Peterhof"]
[Date "2006.08.20"]
[Round "11"]
[White "Malysheva, Polina"]
[Black "Valov, Ilya"]
[Result "1/2-1/2"]
[WhiteElo "2323"]
[BlackElo "2270"]
[PlyCount "42"]
[EventDate "2006.08.14"]
[EventType "tourn"]
[EventRounds "11"]
[EventCountry "RUS"]
[EventCategory "4"]
[SourceTitle "CBM 113 Extra"]
[Source "ChessBase"]
[SourceDate "2006.09.14"]
[SourceVersion "1"]
[SourceVersionDate "2006.09.14"]
[SourceQuality "1"]

1. e4 c5 2. Nf3 Nc6 3. d4 cxd4 4. Nxd4 e5 5. Nb5 a6 6. Nd6+ Bxd6 7. Qxd6 Qf6 8. Qd1 Qg6 9. Nc3 d5 10. Nxd5 Qxe4+ 11. Be2 Nd4 12. Nc7+ Ke7 13. Nxa8 Qxg2 14. Rf1 Bf5 15. Be3 Nxc2+ 16. Kd2 Qd5+ 17. Kc1 Nxe3 18. fxe3 Qc6+ 19. Kd2 Nh6 20. Qb3 Rxa8 21. Ke1 Rd8 1/2-1/2

[Event "RUS-ch (Women) 56th"]
[Site "Orel"]
[Date "2006.07.02"]
[Round "4"]
[White "Solovjova, Valentina"]
[Black "Malysheva, Polina"]
[Result "0-1"]
[WhiteElo "2265"]
[BlackElo "2298"]
[PlyCount "128"]
[EventDate "2006.06.28"]
[EventType "swiss"]
[EventRounds "9"]
[EventCountry "RUS"]
[SourceTitle "CBM 113 Extra"]
[Source "ChessBase"]
[SourceDate "2006.09.14"]
[SourceVersion "1"]
[SourceVersionDate "2006.09.14"]
[SourceQuality "1"]

1. e4 c5 2. c3 Nf6 3. e5 Nd5 4. d4 cxd4 5. Nf3 e6 6. cxd4 d6 7. Bc4 Nc6 8. 0-0 Be7 9. Qe2 0-0 10. Nc3 dxe5 11. dxe5 Nxc3 12. bxc3 Qa5 13. Qe4 Qa4 14. Bd3 Qxe4 15. Bxe4 Bd7 16. Rb1 Rab8 17. Be3 Rfc8 18. Rfd1 Be8 19. Nd4 Nxe5 20. Bxb7 Rxc3 21. Be4 Rxb1 22. Rxb1 Rc8 23. h3 f5 24. Bb7 Rb8 25. Nxf5 Bf6 26. Nd6 Bg6 27. Rc1 a5 28. Rc8+ Rxc8 29. Bxc8 Kf8 30. Nb7 Nc4 31. Bxe6 Nxe3 32. fxe3 a4 33. Bd5 Ke7 34. Kf2 a3 35. Ke2 Bc3 36. e4 Kf6 37. Kd3 Ba1 38. Na5 Be8 39. Kc2 Bb5 40. Bc4 Ba4+ 41. Kd3 Ke5 42. g3 Bd7 43. Bg8 Bxh3 44. Nc4+ Kf6 45. Nxa3 h5 46. Nc4 g5 47. a4 h4 48. gxh4 gxh4 49. a5 Bf1+ 50. Kd2 h3 51. Ne3 Ba6 52. Ng4+ Kg5 53. Be6 Kf4 54. Nh2 Kg3 55. Ng4 Be5 56. Ke3 Bf4+ 57. Kd4 Be2 58. a6 Bb8 59. Nh2 Kxh2 60. e5 Bxa6 61. Bd5 Kg1 62. e6 Bd6 63. Ke4 Bf1 64. Kf5 Bg2 0-1

[Event "Budapest FS05 IM-B"]
[Site "Budapest"]
[Date "2006.05.07"]
[Round "2"]
[White "Schneider Zinner, Harald"]
[Black "Malysheva, Polina"]
[Result "0-1"]
[WhiteElo "2388"]
[BlackElo "2298"]
[PlyCount "82"]
[EventDate "2006.05.06"]
[EventType "tourn"]
[EventRounds "9"]
[EventCountry "HUN"]
[EventCategory "1"]
[SourceTitle "CBM 112 Extra"]
[Source "ChessBase"]
[SourceDate "2006.07.14"]
[SourceVersion "1"]
[SourceVersionDate "2006.07.14"]
[SourceQuality "1"]

1. Nf3 Nf6 2. c4 e6 3. Nc3 Bb4 4. Qb3 c5 5. g3 Nc6 6. a3 Bxc3 7. Qxc3 0-0 8. b4 d5 9. bxc5 d4 10. Qc2 e5 11. d3 Qa5+ 12. Bd2 Qxc5 13. Bg2 h6 14. 0-0 Bf5 15. Rfb1 Qe7 16. Nh4 Bh7 17. Qb3 e4 18. Qxb7 Qxb7 19. Rxb7 g5 20. Rc7 Nd8 21. dxe4 Ne6 22. Re7 gxh4 23. f3 hxg3 24. hxg3 Rfe8 25. Rxe8+ Nxe8 26. Bxh6 Nd6 27. c5 Nxc5 28. Bf4 Nb5 29. Kf2 Re8 30. Bh3 Nc3 31. g4 d3 32. Be3 Nb3 33. Rh1 d2 34. Bxd2 Nxd2 35. Rc1 Rc8 36. Ke3 Nb3 37. Rg1 Nxe4 38. fxe4 Rc3+ 39. Kf4 Rxh3 40. Rd1 Nc5 41. Rd5 Ne6+ 0-1

[Event "Budapest FS05 IM-B"]
[Site "Budapest"]
[Date "2006.05.06"]
[Round "1"]
[White "Malysheva, Polina"]
[Black "MacDonald Ross, Michael"]
[Result "1-0"]
[WhiteElo "2298"]
[BlackElo "2198"]
[PlyCount "45"]
[EventDate "2006.05.06"]
[EventType "tourn"]
[EventRounds "9"]
[EventCountry "HUN"]
[EventCategory "1"]
[SourceTitle "CBM 112 Extra"]
[Source "ChessBase"]
[SourceDate "2006.07.14"]
[SourceVersion "1"]
[SourceVersionDate "2006.07.14"]
[SourceQuality "1"]

1. e4 c6 2. c4 e5 3. Nf3 d6 4. d4 Nd7 5. Nc3 Ngf6 6. Be2 g6 7. 0-0 Bg7 8. h3 0-0 9. Be3 exd4 10. Bxd4 Re8 11. Qc2 Qe7 12. Rfe1 Ne5 13. Rad1 Nfd7 14. Nh2 Bh6 15. Bf1 Nb6 16. b3 f5 17. exf5 Bxf5 18. Qb2 Qf8 19. c5 Nbd7 20. cxd6 Nf7 21. Bc4 Qxd6 22. Rxe8+ Rxe8 23. Be3 1-0

[Event "RUS-ch U20 Girls"]
[Site "Cheboksary"]
[Date "2006.03.04"]
[Round "3"]
[White "Gunina, Valentina"]
[Black "Malysheva, Polina"]
[Result "1/2-1/2"]
[WhiteElo "2336"]
[BlackElo "2294"]
[PlyCount "86"]
[EventDate "2006.03.02"]
[EventType "tourn"]
[EventRounds "11"]
[EventCountry "RUS"]
[EventCategory "3"]
[SourceTitle "CBM 111 Extra"]
[Source "ChessBase"]
[SourceDate "2006.05.09"]
[SourceVersion "1"]
[SourceVersionDate "2006.05.09"]
[SourceQuality "1"]

1. d4 Nf6 2. c4 e6 3. Nf3 c5 4. Nc3 cxd4 5. Nxd4 Bb4 6. Bd2 Nc6 7. e3 d5 8. a3 Bd6 9. cxd5 exd5 10. Ncb5 Bb8 11. Rc1 Nxd4 12. Nxd4 0-0 13. Bb5 Bg4 14. Qb3 a6 15. Bd3 Qd7 16. h3 Be6 17. Bc3 b5 18. f4 Ba7 19. 0-0 Ne4 20. Kh2 Bxd4 21. exd4 f5 22. Ba5 Rac8 23. Qa2 Rxc1 24. Rxc1 g5 25. Rc2 gxf4 26. Bc7 Nd6 27. Qb1 f3 28. gxf3 Rc8 29. Qc1 Bf7 30. Kh1 Bg6 31. Kh2 Kf7 32. Bb8 Rxc2+ 33. Qxc2 f4 34. Bxg6+ hxg6 35. Qc5 Qe6 36. Qc2 Nf5 37. Be5 g5 38. Qc7+ Qe7 39. Qc6 Qe6 40. Qb7+ Kg6 41. Kg1 Ne7 42. Kf2 Qc6 43. Qxe7 Qc2+ 1/2-1/2

[Event "Zadar op 12th"]
[Site "Zadar"]
[Date "2005.12.16"]
[Round "7"]
[White "Fercec, Nenad"]
[Black "Malysheva, Polina"]
[Result "1-0"]
[WhiteElo "2512"]
[BlackElo "2295"]
[PlyCount "97"]
[EventDate "2005.12.12"]
[EventType "swiss"]
[EventRounds "9"]
[EventCountry "CRO"]
[SourceTitle "CBM 109 Extra"]
[Source "ChessBase"]
[SourceDate "2006.01.03"]
[SourceVersion "2"]
[SourceVersionDate "2006.01.03"]
[SourceQuality "1"]

1. e4 e5 2. Nf3 Nc6 3. Bb5 Nd4 4. Nxd4 exd4 5. 0-0 Bc5 6. d3 c6 7. Ba4 d6 8. a3 Ne7 9. b4 Bb6 10. Nd2 0-0 11. Bb3 d5 12. Qh5 Be6 13. Nf3 f6 14. Bb2 Qd7 15. Nxd4 Bxd4 16. Bxd4 Bf7 17. Qf3 dxe4 18. Bxf7+ Rxf7 19. Qxe4 f5 20. Qe5 f4 21. Rfe1 Nf5 22. Bc3 f3 23. g4 Nh4 24. Re4 Raf8 25. Bd2 Ng2 26. h3 Rf6 27. Qe7 Qc8 28. Bc3 R6f7 29. Qg5 Re8 30. Rd1 h6 31. Qg6 Rxe4 32. Qxe4 Nf4 33. Kh2 Ne2 34. Be5 Re7 35. Re1 Qe6 36. d4 Qd5 37. Qxd5+ cxd5 38. Rd1 Rf7 39. Rd3 Kf8 40. b5 Ke7 41. Bb8 a6 42. bxa6 bxa6 43. Be5 Kd7 44. Rb3 Kc6 45. Rb8 g5 46. a4 Nf4 47. Rh8 h5 48. Rh6+ Kb7 49. gxh5 1-0

[Event "Zadar op 12th"]
[Site "Zadar"]
[Date "2005.12.15"]
[Round "6"]
[White "Malysheva, Polina"]
[Black "Neubauer, Martin"]
[Result "1/2-1/2"]
[WhiteElo "2295"]
[BlackElo "2442"]
[PlyCount "76"]
[EventDate "2005.12.12"]
[EventType "swiss"]
[EventRounds "9"]
[EventCountry "CRO"]
[SourceTitle "CBM 109 Extra"]
[Source "ChessBase"]
[SourceDate "2006.01.03"]
[SourceVersion "2"]
[SourceVersionDate "2006.01.03"]
[SourceQuality "1"]

1. e4 e5 2. Nf3 Nc6 3. Bb5 Nf6 4. d4 exd4 5. e5 Ne4 6. Qe2 Nc5 7. 0-0 a6 8. Bg5 Be7 9. Bxe7 Qxe7 10. Bxc6 dxc6 11. Nxd4 Ne6 12. Nf3 0-0 13. Nbd2 Qb4 14. Rab1 Qg4 15. Qe3 Nf4 16. Ne1 Rd8 17. f3 Nh3+ 18. Kh1 Qf4 19. Qxf4 Nxf4 20. Nb3 Bf5 21. Rf2 a5 22. a4 g5 23. g4 Be6 24. Nc5 Rd5 25. Ned3 Nxd3 26. Nxd3 b6 27. Re2 Rd4 28. b3 Rad8 29. Nf2 c5 30. c4 Kg7 31. Kg2 h6 32. Ne4 Bc8 33. Rbb2 Kf8 34. Kg3 Bb7 35. Nf2 Ke7 36. Re3 Rd2 37. Re2 R2d4 38. Re3 Rd2 1/2-1/2

[Event "Zadar op 12th"]
[Site "Zadar"]
[Date "2005.12.13"]
[Round "2"]
[White "Malysheva, Polina"]
[Black "Biti, Ozren"]
[Result "0-1"]
[WhiteElo "2295"]
[BlackElo "2359"]
[PlyCount "84"]
[EventDate "2005.12.12"]
[EventType "swiss"]
[EventRounds "9"]
[EventCountry "CRO"]
[SourceTitle "CBM 109 Extra"]
[Source "ChessBase"]
[SourceDate "2006.01.03"]
[SourceVersion "2"]
[SourceVersionDate "2006.01.03"]
[SourceQuality "1"]

1. e4 d6 2. d4 Nf6 3. Nc3 e5 4. Nf3 Nbd7 5. Bc4 Be7 6. 0-0 c6 7. a4 Qa5 8. Ba2 0-0 9. Re1 Re8 10. h3 h6 11. dxe5 Nxe5 12. Nd4 Ng6 13. f4 Qh5 14. Qd3 Nh4 15. Bd2 Qg6 16. Re2 Nh5 17. f5 Qg3 18. Qxg3 Nxg3 19. Re3 Bg5 20. Rxg3 Bxd2 21. Nde2 d5 22. Rg4 Bg5 23. exd5 Bxf5 24. Rb4 Rab8 25. Rf1 Bg6 26. Nf4 Bxc2 27. Rf2 Bh7 28. d6 Re1+ 29. Kh2 Nf5 30. d7 Bh4 31. Rf3 a5 32. Re4 Rxe4 33. Nxe4 Rd8 34. Rd3 Be7 35. Rd2 Ne3 36. Ng3 Bg5 37. Rf2 Rxd7 38. Ne6 Bh4 39. Rf3 Nd5 40. Nc5 Re7 41. Nh5 Bg5 42. Rf2 Be3 0-1

[Event "Zadar op 12th"]
[Site "Zadar"]
[Date "2005.12.12"]
[Round "1"]
[White "Rusev, Krasimir"]
[Black "Malysheva, Polina"]
[Result "1-0"]
[WhiteElo "2434"]
[BlackElo "2295"]
[PlyCount "67"]
[EventDate "2005.12.12"]
[EventType "swiss"]
[EventRounds "9"]
[EventCountry "CRO"]
[SourceTitle "CBM 109 Extra"]
[Source "ChessBase"]
[SourceDate "2006.01.03"]
[SourceVersion "2"]
[SourceVersionDate "2006.01.03"]
[SourceQuality "1"]

1. d4 d5 2. c4 e6 3. Nf3 c5 4. cxd5 exd5 5. g3 Nc6 6. Bg2 Nf6 7. 0-0 Be7 8. Nc3 0-0 9. Bg5 cxd4 10. Nxd4 h6 11. Be3 Re8 12. Qa4 Na5 13. Rad1 Bf8 14. Nb3 Nc6 15. Nxd5 Nxd5 16. Bxd5 Qf6 17. Nd4 Bh3 18. Nxc6 Bxf1 19. Rxf1 Qf5 20. Bg2 bxc6 21. Bxc6 Red8 22. Bxa8 Rxa8 23. Rc1 Rb8 24. b3 Rb7 25. Bxa7 Qh5 26. Qa6 Rd7 27. Be3 Rd5 28. a4 Qh3 29. Qa8 Rh5 30. Qg2 Qg4 31. Qf1 Qe4 32. Rc4 Qe6 33. Qg2 Qe5 34. Qa8 1-0

[Event "St Petersburg Rudenko Memorial (Women)"]
[Site "St Petersburg"]
[Date "2005.08.27"]
[Round "8"]
[White "Malysheva, Polina"]
[Black "Dolgova, Olga"]
[Result "1/2-1/2"]
[WhiteElo "2282"]
[BlackElo "2185"]
[PlyCount "161"]
[EventDate "2005.08.20"]
[EventType "swiss"]
[EventRounds "9"]
[EventCountry "RUS"]
[SourceTitle "CBM 107 Extra"]
[Source "ChessBase"]
[SourceDate "2005.09.01"]
[SourceVersion "1"]
[SourceVersionDate "2005.09.01"]
[SourceQuality "1"]

1. e4 c5 2. Nf3 d6 3. d4 cxd4 4. Nxd4 Nf6 5. Nc3 a6 6. Be3 e6 7. g4 b5 8. g5 Nfd7 9. h4 Bb7 10. a3 Qc7 11. h5 Nc5 12. Qf3 Nbd7 13. g6 Ne5 14. gxf7+ Qxf7 15. Qxf7+ Kxf7 16. f3 Rc8 17. Bh3 Nc6 18. 0-0-0 Be7 19. Nxc6 Bxc6 20. Ne2 Bd7 21. Rhg1 Rc7 22. Kb1 Rb8 23. Bg5 Bf8 24. Bf4 Nb7 25. Nd4 Na5 26. Bc1 b4 27. Bd2 Nc4 28. axb4 Nxd2+ 29. Rxd2 Rxb4 30. Rd3 Rcb7 31. Rb3 Rxb3 32. Nxb3 Be7 33. Rd1 Rb6 34. f4 Bf6 35. e5 Be7 36. Nc5 Bc8 37. Nd3 a5 38. Kc1 a4 39. Kd2 dxe5 40. fxe5 Bg5+ 41. Ke2 Ba6 42. Rb1 Rb4 43. Bg2 Rh4 44. Ra1 Bb5 45. Rf1+ Ke7 46. Bf3 Rb4 47. Bc6 Rxb2 48. Bxb5 Rxb5 49. Rg1 h6 50. Ra1 Ra5 51. c4 Kd7 52. Rxa4 Rxa4 53. Nc5+ Kc6 54. Nxa4 Bf4 55. Nb2 Bxe5 56. Nd3 Bf6 57. Kf3 Be7 58. Ke4 Bf6 59. Kf4 Kd6 60. Ke4 Kc6 61. Kf4 Bc3 62. Ke4 Kd6 63. Nf4 Bf6 64. Nd3 Ke7 65. Ne5 Kd6 66. Nd3 Bc3 67. Kf4 Ba5 68. Ke4 Bc7 69. Kd4 Bd8 70. Ke4 Ke7 71. Ke5 Bc7+ 72. Ke4 Kf6 73. Nc5 Bd6 74. Nd7+ Kg5 75. c5 Bc7 76. c6 Kxh5 77. Nf8 g5 78. Nxe6 Ba5 79. Kf3 Kg6 80. c7 Bxc7 81. Nxc7 1/2-1/2

[Event "St Petersburg Rudenko Memorial (Women)"]
[Site "St Petersburg"]
[Date "2005.08.22"]
[Round "3"]
[White "Sudakova, Irina"]
[Black "Malysheva, Polina"]
[Result "0-1"]
[WhiteElo "2360"]
[BlackElo "2282"]
[PlyCount "128"]
[EventDate "2005.08.20"]
[EventType "swiss"]
[EventRounds "9"]
[EventCountry "RUS"]
[SourceTitle "CBM 107 Extra"]
[Source "ChessBase"]
[SourceDate "2005.09.01"]
[SourceVersion "1"]
[SourceVersionDate "2005.09.01"]
[SourceQuality "1"]

1. d4 Nf6 2. Nf3 e6 3. c4 b6 4. Nc3 Bb4 5. Bg5 h6 6. Bh4 Bxc3+ 7. bxc3 Ba6 8. Bxf6 Qxf6 9. e4 Nc6 10. Bd3 e5 11. 0-0 0-0 12. Qa4 Bb7 13. d5 Nb8 14. c5 Qe7 15. Qa3 bxc5 16. Rfb1 Bc8 17. Rb2 d6 18. Rab1 Nd7 19. Bb5 Nb6 20. Nd2 Bd7 21. Qa6 f5 22. Bc6 Bxc6 23. dxc6 fxe4 24. a4 d5 25. c4 e3 26. fxe3 d4 27. Ne4 dxe3 28. Re2 Qf7 29. Rxe3 Nxc4 30. Re2 Qd5 31. Rc1 Qd4+ 32. Kh1 Rf4 33. Ng3 Raf8 34. h3 Qd3 35. Kh2 h5 36. Rec2 Nb2 37. Qxa7 Nd1 38. Qxc5 h4 39. Nh5 R4f5 40. Qc4+ Qxc4 41. Rxc4 Ne3 42. Rxh4 Rf2 43. Rg1 Nf1+ 44. Kh1 R8f5 45. Rxf1 Rxf1+ 46. Kh2 Rc1 47. Ng3 Rf6 48. Re4 Re6 49. Nf5 Rcxc6 50. h4 Kf7 51. Ne3 Rc5 52. Kg3 Rf6 53. Ng4 Rf5 54. Re2 Ke6 55. Ra2 Rc3+ 56. Kh2 Rf4 57. Nf2 Rxh4+ 58. Nh3 Rcc4 59. a5 Ra4 60. Rc2 Kd6 61. Rd2+ Rhd4 62. Rf2 Rxa5 63. Rf7 Rg4 64. Nf2 Rf4 0-1

[Event "RUS Summer U16 Girls 2nd"]
[Site "Satka"]
[Date "2005.07.01"]
[Round "5"]
[White "Prudnikova, Ekaterina"]
[Black "Malysheva, Polina"]
[Result "0-1"]
[WhiteElo "2150"]
[BlackElo "2301"]
[PlyCount "86"]
[EventDate "2005.06.27"]
[EventType "swiss"]
[EventRounds "9"]
[EventCountry "RUS"]
[SourceTitle "CBM 107 Extra"]
[Source "ChessBase"]
[SourceDate "2005.09.01"]
[SourceVersion "1"]
[SourceVersionDate "2005.09.01"]
[SourceQuality "1"]

1. e4 c5 2. Nf3 Nc6 3. Bb5 g6 4. 0-0 Bg7 5. Re1 Nf6 6. c3 0-0 7. h3 e5 8. d4 exd4 9. cxd4 Qb6 10. Bxc6 dxc6 11. dxc5 Qxc5 12. Nc3 Be6 13. Be3 Qa5 14. Qc1 Rfe8 15. Qc2 Qh5 16. Ne2 Qa5 17. Bd2 Qa6 18. Bc3 Bc4 19. Nf4 Rad8 20. b3 Bd3 21. Qb2 c5 22. e5 Ne4 23. Rxe4 Bxe4 24. Ng5 Bd5 25. Nxf7 Bxf7 26. e6 Bxc3 27. exf7+ Kxf7 28. Qxc3 Qf6 29. Qc4+ Kg7 30. Rf1 b6 31. Nd5 Qd4 32. Ne3 Qxc4 33. bxc4 Rd2 34. a4 Ra2 35. Rd1 Re7 36. Rd6 Rxa4 37. g4 Ra1+ 38. Kg2 Ra2 39. Kg3 Rf7 40. h4 Raxf2 41. Nf5+ gxf5 42. Kxf2 fxg4+ 43. Kg3 h5 0-1

[Event "RUS Summer U16 Girls 2nd"]
[Site "Satka"]
[Date "2005.06.29"]
[Round "3"]
[White "Savina, Anastasia"]
[Black "Malysheva, Polina"]
[Result "0-1"]
[WhiteElo "1984"]
[BlackElo "2301"]
[PlyCount "66"]
[EventDate "2005.06.27"]
[EventType "swiss"]
[EventRounds "9"]
[EventCountry "RUS"]
[SourceTitle "CBM 107 Extra"]
[Source "ChessBase"]
[SourceDate "2005.09.01"]
[SourceVersion "1"]
[SourceVersionDate "2005.09.01"]
[SourceQuality "1"]

1. d4 Nf6 2. c4 e6 3. Nf3 b6 4. a3 Ba6 5. Qc2 c5 6. d5 exd5 7. cxd5 g6 8. Nc3 Bg7 9. e4 Bxf1 10. Kxf1 d6 11. g3 0-0 12. Kg2 a6 13. a4 Re8 14. h3 Nbd7 15. Be3 Qc7 16. Nd2 Re7 17. Rhe1 Ne5 18. f4 Ned7 19. Bf2 Nh5 20. Nc4 Rb8 21. Kh2 Ree8 22. Ne2 Nhf6 23. Ng1 b5 24. axb5 axb5 25. Na5 Ra8 26. Nc6 Rxa1 27. Rxa1 Nxe4 28. Ra7 Qc8 29. Nf3 Kf8 30. Be1 Nb6 31. Qb3 Qf5 32. Qxb5 Nxd5 33. Qb7 Ng5 0-1

[Event "RUS Summer U16 Girls 2nd"]
[Site "Satka"]
[Date "2005.06.28"]
[Round "2"]
[White "Malysheva, Polina"]
[Black "Chernova, Anastasia"]
[Result "1-0"]
[WhiteElo "2301"]
[BlackElo "2081"]
[PlyCount "59"]
[EventDate "2005.06.27"]
[EventType "swiss"]
[EventRounds "9"]
[EventCountry "RUS"]
[SourceTitle "CBM 107 Extra"]
[Source "ChessBase"]
[SourceDate "2005.09.01"]
[SourceVersion "1"]
[SourceVersionDate "2005.09.01"]
[SourceQuality "1"]

1. e4 c6 2. d4 d5 3. exd5 cxd5 4. c4 Nf6 5. Nc3 e6 6. Nf3 Bb4 7. cxd5 Nxd5 8. Bd2 0-0 9. Bd3 Nf6 10. 0-0 Nc6 11. Be3 Be7 12. a3 a6 13. Rc1 Bd7 14. Bb1 Rc8 15. Qd3 g6 16. Rfd1 Nd5 17. Bh6 Re8 18. Ne4 Na5 19. Ne5 Rxc1 20. Rxc1 Bb5 21. Qf3 f5 22. Nc5 Bg5 23. Nxe6 Rxe6 24. Bxg5 Qxg5 25. Rc8+ Kg7 26. h4 Qxh4 27. Qxd5 Re7 28. Qg8+ Kh6 29. Qf8+ Kh5 30. Nf3 1-0

[Event "RUS Summer U16 Girls 2nd"]
[Site "Satka"]
[Date "2005.06.27"]
[Round "1"]
[White "Larina, Marija"]
[Black "Malysheva, Polina"]
[Result "0-1"]
[WhiteElo "2081"]
[BlackElo "2301"]
[PlyCount "82"]
[EventDate "2005.06.27"]
[EventType "swiss"]
[EventRounds "9"]
[EventCountry "RUS"]
[SourceTitle "CBM 107 Extra"]
[Source "ChessBase"]
[SourceDate "2005.09.01"]
[SourceVersion "1"]
[SourceVersionDate "2005.09.01"]
[SourceQuality "1"]

1. e4 c5 2. Nf3 Nc6 3. d4 cxd4 4. Nxd4 Nf6 5. Nc3 d6 6. Bc4 Bd7 7. Bb3 a6 8. 0-0 e6 9. Be3 Be7 10. f4 Qb8 11. f5 e5 12. Nf3 Na5 13. Bb6 Nxb3 14. axb3 Bc6 15. Nd5 Bxd5 16. exd5 0-0 17. c4 Nd7 18. Be3 b5 19. Qd3 Nf6 20. Ng5 Rc8 21. Ra2 bxc4 22. bxc4 h6 23. Ne4 Nxe4 24. Qxe4 Qb3 25. Ra3 Rxc4 26. Rxb3 Rxe4 27. Rc1 Rxe3 28. Rxe3 Bg5 29. Rec3 Bxc1 30. Rxc1 Kf8 31. Rc7 Rb8 32. Rc6 Ke7 33. Rxa6 Rb5 34. Ra2 Rxd5 35. b4 Kf6 36. Rb2 Rb5 37. g4 h5 38. h3 hxg4 39. hxg4 Kg5 40. Rd2 Rxb4 41. f6 Rxg4+ 0-1

[Event "EU-ch (Women) 6th"]
[Site "Kishinev"]
[Date "2005.06.20"]
[Round "9"]
[White "Malysheva, Polina"]
[Black "Muzychuk, Mariya"]
[Result "1-0"]
[WhiteElo "2301"]
[BlackElo "2059"]
[PlyCount "97"]
[EventDate "2005.06.11"]
[EventType "swiss"]
[EventRounds "12"]
[EventCountry "MDA"]
[SourceTitle "CBM 106 Extra"]
[Source "ChessBase"]
[SourceDate "2005.07.01"]
[SourceVersion "1"]
[SourceVersionDate "2005.07.01"]
[SourceQuality "1"]

1. e4 Nc6 2. Nf3 d6 3. d4 Nf6 4. c3 g6 5. Bd3 Bg7 6. 0-0 e5 7. h3 0-0 8. Nbd2 Nd7 9. Nb3 Ne7 10. Qe2 h6 11. Rd1 c6 12. Be3 Qc7 13. Bc2 f5 14. dxe5 Nxe5 15. Nxe5 dxe5 16. Bc5 b6 17. Bd6 Qb7 18. exf5 Bxf5 19. Bxf5 Rxf5 20. Bxe7 Qxe7 21. Qc4+ Rf7 22. Qxc6 Raf8 23. f3 Qg5 24. Rd3 h5 25. Nd2 Qf5 26. Ne4 Re7 27. Rad1 g5 28. g4 Qe6 29. Qxe6+ Rxe6 30. Rd7 h4 31. Kg2 a5 32. Nxg5 Ref6 33. R1d6 Rxd6 34. Rxd6 b5 35. Ne6 Re8 36. Rd8 Rxd8 37. Nxd8 a4 38. Ne6 Bf6 39. Nc7 Kf7 40. Kf2 Bg5 41. Nxb5 Ke6 42. c4 Kd7 43. Nc3 a3 44. bxa3 Kc6 45. Ne4 Bc1 46. a4 Ba3 47. c5 Kd5 48. a5 Kc6 49. g5 1-0

[Event "EU-ch (Women) 6th"]
[Site "Kishinev"]
[Date "2005.06.18"]
[Round "8"]
[White "Mamedjarova, Turkan"]
[Black "Malysheva, Polina"]
[Result "1/2-1/2"]
[WhiteElo "2221"]
[BlackElo "2301"]
[PlyCount "149"]
[EventDate "2005.06.11"]
[EventType "swiss"]
[EventRounds "12"]
[EventCountry "MDA"]
[SourceTitle "CBM 106 Extra"]
[Source "ChessBase"]
[SourceDate "2005.07.01"]
[SourceVersion "1"]
[SourceVersionDate "2005.07.01"]
[SourceQuality "1"]

1. d4 Nf6 2. Nf3 e6 3. c4 b6 4. Nc3 Bb7 5. Bf4 Bb4 6. e3 Ne4 7. Rc1 g5 8. Bg3 h5 9. h3 Nxg3 10. fxg3 Bd6 11. Kf2 Rg8 12. g4 h4 13. Bd3 c5 14. d5 exd5 15. cxd5 Qe7 16. Qa4 a6 17. Qe4 Rg7 18. Rhd1 Bg3+ 19. Ke2 d6 20. Qxe7+ Kxe7 21. Bf5 Nd7 22. Bxd7 Kxd7 23. Ne4 Be5 24. Nxe5+ dxe5 25. Rd3 a5 26. Rb3 Kc7 27. Rd1 Rd8 28. d6+ Kc6 29. Nf6 a4 30. Ra3 Rg6 31. Ne4 b5 32. Rc3 c4 33. b3 Kb6 34. Nd2 cxb3 35. axb3 a3 36. b4 Rgxd6 37. Rxa3 Bxg2 38. Ra2 Bxh3 39. Rg1 f5 40. gxf5 Bxf5 41. Rxg5 Be6 42. Rc2 h3 43. Nf3 Bb3 44. Rd2 Bd5 45. Kf2 Rf6 46. e4 Rh8 47. Kg3 Bxe4 48. Nh2 Rf5 49. Rg6+ Kb7 50. Rg7+ Kb8 51. Rd6 Bg2 52. Rb6+ Kc8 53. Rxb5 Rhf8 54. Rc5+ Kd8 55. Rb5 R8f7 56. Rxf7 Rxf7 57. Rxe5 Rg7+ 58. Kh4 Kd7 59. Rg5 Rf7 60. Kg3 Ke6 61. Rh5 Rg7+ 62. Kf2 Kf6 63. b5 Kg6 64. Rc5 Kh6 65. Rc3 Kg6 66. Rc4 Kh6 67. Rc3 Rg6 68. Rc4 Rb6 69. Rc5 Kg6 70. Kg3 Rd6 71. Re5 Rd3+ 72. Kf4 Rb3 73. Rc5 Bb7 74. Rg5+ Kf6 75. Re5 1/2-1/2

[Event "EU-ch (Women) 6th"]
[Site "Kishinev"]
[Date "2005.06.15"]
[Round "5"]
[White "Malysheva, Polina"]
[Black "Turova, Irina"]
[Result "0-1"]
[WhiteElo "2301"]
[BlackElo "2415"]
[PlyCount "108"]
[EventDate "2005.06.11"]
[EventType "swiss"]
[EventRounds "12"]
[EventCountry "MDA"]
[SourceTitle "CBM 106 Extra"]
[Source "ChessBase"]
[SourceDate "2005.07.01"]
[SourceVersion "1"]
[SourceVersionDate "2005.07.01"]
[SourceQuality "1"]

1. e4 e5 2. Nf3 Nc6 3. Bb5 a6 4. Ba4 Nf6 5. 0-0 b5 6. Bb3 Bb7 7. d4 Nxd4 8. Nxd4 exd4 9. e5 Ne4 10. Qf3 d5 11. exd6 Qf6 12. Re1 Bxd6 13. Nd2 0-0 14. Nxe4 Qg6 15. Nf6+ Qxf6 16. Qxb7 c5 17. c4 dxc3 18. bxc3 c4 19. Bc2 Qxc3 20. Qe4 f5 21. Qd5+ Kh8 22. Bg5 Bxh2+ 23. Kxh2 Qxc2 24. Kg1 Rae8 25. Qd4 Qd3 26. Qxd3 cxd3 27. Rad1 h6 28. Be3 Re6 29. Rxd3 Rc8 30. Red1 Rc2 31. a3 Rc4 32. Rd7 f4 33. Bd4 Rg6 34. Kf1 Kg8 35. Re1 Kf8 36. Re5 Rg4 37. Bc5+ Kg8 38. Bb4 Rg6 39. Rc5 Rxc5 40. Bxc5 Rc6 41. Bb4 Re6 42. Rd6 Kf7 43. Rd7+ Kg8 44. Rd8+ Kf7 45. Rd6 Rxd6 46. Bxd6 g5 47. Ke2 Kg6 48. Kd3 Kf5 49. Kd4 h5 50. Kc5 g4 51. Be7 Ke4 52. Kb6 Kd3 53. g3 f3 54. Kxa6 h4 0-1

[Event "St Petersburg-Moscow m"]
[Site "St Petersburg"]
[Date "2005.05.14"]
[Round "1"]
[White "Grabuzova, Tatiana"]
[Black "Malysheva, Polina"]
[Result "1-0"]
[WhiteElo "2332"]
[BlackElo "2283"]
[PlyCount "89"]
[EventDate "2005.05.14"]
[EventType "match"]
[EventRounds "2"]
[EventCountry "RUS"]
[SourceTitle "CBM 106 Extra"]
[Source "ChessBase"]
[SourceDate "2005.07.01"]
[SourceVersion "1"]
[SourceVersionDate "2005.07.01"]
[SourceQuality "1"]

1. b3 c5 2. Bb2 Nc6 3. e3 e5 4. Bb5 d6 5. Ne2 Nf6 6. 0-0 Be7 7. f4 e4 8. Ng3 0-0 9. Nc3 d5 10. Nh5 Be6 11. Na4 Nxh5 12. Qxh5 f5 13. Bxc6 bxc6 14. Ba3 c4 15. Bc5 Bxc5 16. Nxc5 Qd6 17. b4 a5 18. a3 axb4 19. axb4 d4 20. Nxe6 Qxe6 21. exd4 Rxa1 22. Rxa1 Qd6 23. c3 Qxf4 24. Qe2 Kh8 25. Rf1 Qg5 26. Qxe4 Qxd2 27. Qe1 Qc2 28. Rf2 Qd3 29. Rf3 Qc2 30. Rf2 Qd3 31. Rf3 Qc2 32. Qf1 g6 33. Qxc4 Qe4 34. Qd3 Qd5 35. Qe2 Ra8 36. Qe5+ Qxe5 37. dxe5 Ra2 38. Rd3 Rc2 39. h4 Kg7 40. Kh2 Kf7 41. Kg3 Re2 42. Rd7+ Kf8 43. Rc7 Re3+ 44. Kf4 Rxc3 45. Kg5 1-0